书目信息 |
| 题名: |
半导体电子学
|
|
| 作者: | 周孔章 译 | |
| 分册: | 上册 | |
| 出版信息: | 北京 科学出版社 1961 |
|
| 页数: | 286页 | |
| 开本: | 19cm | |
| 丛书名: | ||
| 单 册: | ||
| 中图分类: | TN301 | |
| 科图分类: | ||
| 主题词: | 半导体-电子学 , 电子学-半导体 | |
| 电子资源: | ||
| ISBN: | ||
| 000 | 00638nam0 2200241 45 | |
| 001 | 0186001125 | |
| 005 | 20060430165130.20 | |
| 010 | @dCNY1.10 | |
| 091 | @a15051.1176 | |
| 100 | @a19901014d1961 em y0chiy0121 ea | |
| 101 | 0 | @achi |
| 102 | @aCN@b110000 | |
| 105 | @ay z 000yy | |
| 200 | 10 | @a半导体电子学@Aban dao ti dian zi xue@h上册@f周孔章译@Fzhou kong zhang yi |
| 210 | @a北京@c科学出版社@d1961 | |
| 215 | @a286页@d19cm | |
| 606 | @a半导体-电子学 | |
| 606 | @a电子学-半导体 | |
| 690 | @aTN301@v3 | |
| 701 | 0 | @a周孔章@Azhou kong zhang@4译 |
| 801 | 2 | @aCN@bNLC@c20060430 |
| 801 | 0 | @aCN@bTSSF |
| 905 | @a10447@dTN301@e4 | |
| 半导体电子学.上册/周孔章译.-北京:科学出版社,1961 |
| 286页;19cm |
| ISBN :CNY1.10 |
| ● |
| 相关链接 |
|
|
|
|
正题名:半导体电子学
索取号:TN301/4
 
预约/预借
| 序号 | 登录号 | 条形码 | 馆藏地/架位号 | 状态 | 备注 |
| 1 | 0015970 | 202331388 | 密集书库/ [索取号:TN301/4] | 在馆 |